000 00481nam a2200181Ia 4500
001 3840
005 20260306145713.0
008 260306t2014||||xx |||||||||||||| ||spa||
041 _aESP
082 _a303.625
_bJ27
100 _aJave, Iris
_eAUT
245 0 _aEntre el estigma y el silencio:
_bmemoria de la violencia entre estudiantes de la UNMSM y UNSCH
260 _c2014
300 _a199 páginas :
_c21 cm.
650 _aGEN
654 _aCHU
942 _cLIB
_dJUS
_fJUS
_2ddc
_n
999 _c3840
_d3840